[Event "EU-Cup 31st"]
[Site "Skopje"]
[Date "2015.10.24"]
[Round "7.6"]
[White "Gheury, Jean Marie"]
[Black "Batchinsky, Stephane"]
[Result "0-1"]
[WhiteElo "1850"]
[BlackElo "2265"]
[PlyCount "58"]
[EventDate "2015.10.18"]
[EventType "team-swiss"]
[EventRounds "7"]
[EventCountry "MKD"]
[SourceTitle "CBM 169"]
[Source "ChessBase"]
[SourceDate "2015.11.10"]
[SourceVersion "1"]
[SourceVersionDate "2015.11.10"]
[SourceQuality "1"]
[WhiteTeam "Amaytos"]
[BlackTeam "Geneve"]
[WhiteTeamCountry "BEL"]
[BlackTeamCountry "SUI"]

1. d4 d5 2. Nc3 Nf6 3. Bg5 g6 4. Bxf6 exf6 5. e3 Bg7 6. h4 h5 7. Nh3 c6 8. Qd2 Bf5 9. Nf4 Qe7 10. 0-0-0 0-0 11. Bd3 Bxd3 12. Qxd3 f5 13. Nxh5 gxh5 14. Qxf5 Qf6 15. Qxh5 Qxf2 16. g4 Qxe3+ 17. Kb1 Na6 18. Rd3 Qf2 19. a3 Rae8 20. g5 Re1+ 21. Rxe1 Qxe1+ 22. Ka2 Nc7 23. Qg4 Ne6 24. Ne2 Qf2 25. h5 f5 26. gxf6 Qxf6 27. h6 Qxh6 28. Rh3 Qf6 29. Qh5 Qf5 0-1

[Event "EU-Cup 31st"]
[Site "Skopje"]
[Date "2015.10.20"]
[Round "3.6"]
[White "Burcu, Cagatay"]
[Black "Batchinsky, Stephane"]
[Result "1-0"]
[WhiteElo "2199"]
[BlackElo "2265"]
[PlyCount "63"]
[EventDate "2015.10.18"]
[EventType "team-swiss"]
[EventRounds "7"]
[EventCountry "MKD"]
[SourceTitle "CBM 169"]
[Source "ChessBase"]
[SourceDate "2015.11.10"]
[SourceVersion "1"]
[SourceVersionDate "2015.11.10"]
[SourceQuality "1"]
[WhiteTeam "Basiktas"]
[BlackTeam "Geneve"]
[WhiteTeamCountry "TUR"]
[BlackTeamCountry "SUI"]

1. d4 f5 2. g3 Nf6 3. Bg2 g6 4. Nf3 Bg7 5. 0-0 0-0 6. c4 d6 7. Nc3 c6 8. Rb1 a5 9. Qb3 e6 10. Rd1 Qe7 11. Bf4 Nh5 12. Bg5 Qf7 13. d5 h6 14. dxc6 bxc6 15. Bc1 Qc7 16. Nd4 Ra6 17. e4 f4 18. c5 d5 19. exd5 exd5 20. Bxd5+ cxd5 21. Nxd5 Qf7 22. Ne7+ Kh7 23. Qxf7 Rxf7 24. Nxc8 Rd7 25. Nd6 Raxd6 26. cxd6 Rxd6 27. g4 Bxd4 28. Kf1 g5 29. gxh5 Nc6 30. Bd2 Bf6 31. Bc3 Bxc3 32. bxc3 1-0

[Event "SUI-chT"]
[Site "Switzerland"]
[Date "2001.06.17"]
[Round "5.5"]
[White "Bauert, Ralph"]
[Black "Batchinsky, Stephane"]
[Result "1-0"]
[WhiteElo "2241"]
[BlackElo "2205"]
[PlyCount "69"]
[EventDate "2001.03.04"]
[EventType "team-tourn"]
[EventRounds "9"]
[EventCountry "SUI"]
[SourceTitle "EXT 2002"]
[Source "ChessBase"]
[SourceDate "2001.11.25"]
[SourceVersion "1"]
[SourceVersionDate "2001.11.25"]
[SourceQuality "1"]
[WhiteTeam "Wollishofen"]
[BlackTeam "Geneve"]
[WhiteTeamCountry "SUI"]
[BlackTeamCountry "SUI"]

1. Nf3 Nf6 2. c4 c5 3. g3 g6 4. Bg2 Bg7 5. Nc3 0-0 6. 0-0 d5 7. cxd5 Nxd5 8. Nxd5 Qxd5 9. d3 Nc6 10. Be3 Qd6 11. Rc1 Bxb2 12. Rxc5 Ba3 13. Rb5 a6 14. Rb6 Bc5 15. Bxc5 Qxc5 16. Qb1 Qh5 17. Rc1 Rd8 18. Rc4 Qa5 19. Rc2 Ra7 20. h4 Nb8 21. Ng5 h6 22. Nxf7 Kxf7 23. Qb3+ Kg7 24. Rc7 Qe5 25. Rxc8 Rxc8 26. Re6 Qa1+ 27. Kh2 b5 28. Be4 Qf6 29. Rxf6 exf6 30. Qe6 Rf8 31. Qg4 f5 32. Bxf5 Rxf5 33. Qd4+ Kg8 34. Qxa7 Rf8 35. Kg2 1-0

[Event "SUI-chT"]
[Site "Switzerland"]
[Date "1999.??.??"]
[Round "6.4"]
[White "Bucher, Denis"]
[Black "Batchinsky, Stephane"]
[Result "1-0"]
[WhiteElo "2249"]
[BlackElo "2302"]
[PlyCount "43"]
[EventDate "1999.01.??"]
[EventType "team-tourn"]
[EventRounds "9"]
[EventCountry "SUI"]
[SourceTitle "EXT 2001"]
[Source "ChessBase"]
[SourceDate "2000.11.22"]
[SourceVersion "1"]
[SourceVersionDate "2000.11.22"]
[SourceQuality "1"]

1. e4 d6 2. d4 Nf6 3. Nc3 g6 4. f4 Bg7 5. Nf3 Bg4 6. h3 Bxf3 7. Qxf3 c6 8. Be3 0-0 9. 0-0-0 Qa5 10. Kb1 Nbd7 11. g4 Nb6 12. g5 Nfd7 13. h4 c5 14. h5 Rfc8 15. hxg6 hxg6 16. f5 cxd4 17. Bxd4 Bxd4 18. Rxd4 Kg7 19. fxg6 fxg6 20. Rh7+ Kxh7 21. Qf7+ Kh8 22. e5 1-0

[Event "SUI-chT"]
[Site "Switzerland"]
[Date "1998.11.08"]
[Round "9.5"]
[White "Atlas, Valeri"]
[Black "Batchinsky, Stephane"]
[Result "1-0"]
[WhiteElo "2465"]
[BlackElo "2300"]
[PlyCount "97"]
[EventDate "1998.03.29"]
[EventType "team-tourn"]
[EventRounds "9"]
[EventCountry "SUI"]
[SourceTitle "EXT 2006"]
[Source "ChessBase"]
[SourceDate "2005.11.24"]
[SourceVersion "1"]
[SourceVersionDate "2005.11.24"]
[SourceQuality "1"]

1. e4 d6 2. d4 Nf6 3. Nc3 g6 4. Be3 Bg7 5. f3 c6 6. Qd2 b5 7. g4 h5 8. g5 Nfd7 9. f4 Bb7 10. Nf3 b4 11. Nd1 c5 12. d5 Nb6 13. c4 N8d7 14. Rc1 Qc7 15. Bh3 Bc8 16. Qg2 a5 17. 0-0 0-0 18. Qe2 a4 19. Bf2 Ne5 20. Bg2 Nexc4 21. Rxc4 Nxc4 22. Qxc4 Ba6 23. Qc1 Bxf1 24. Bxf1 a3 25. b3 Rfc8 26. Bc4 Qd7 27. Kg2 Kh7 28. h3 e6 29. Ne3 Bd4 30. Qd2 Bxe3 31. Bxe3 exd5 32. Qxd5 Ra7 33. Nd2 Qe7 34. Qd3 Qf8 35. f5 Rd8 36. Bd5 Qh8 37. f6 Qe8 38. Nc4 Qb5 39. Bf4 Qa6 40. Qc2 Kh8 41. Kf3 Qc8 42. Qh2 Qa6 43. Bxd6 Qc8 44. Kg2 Kh7 45. Qe5 Re8 46. Qf4 Rd8 47. Be7 Rxd5 48. exd5 Qa8 49. Qf3 1-0

[Event "SUI-chT"]
[Site "Switzerland"]
[Date "1994.??.??"]
[Round "2"]
[White "Kiefer, Gerhard"]
[Black "Batchinsky, Stephane"]
[Result "1-0"]
[WhiteElo "2255"]
[BlackElo "2220"]
[PlyCount "90"]
[EventDate "1994.??.??"]
[EventType "team-tourn"]
[EventRounds "9"]
[EventCountry "SUI"]
[SourceTitle "EXT 2000"]
[Source "ChessBase"]
[SourceDate "1999.11.16"]
[SourceVersion "1"]
[SourceVersionDate "1999.11.16"]
[SourceQuality "1"]

1. e4 d6 2. d4 Nf6 3. Nc3 g6 4. f4 Bg7 5. Nf3 0-0 6. Be2 c5 7. dxc5 Qa5 8. 0-0 Qxc5+ 9. Kh1 Nc6 10. Bd3 Nb4 11. Qe1 Bd7 12. Be3 Qh5 13. Nh4 Nxd3 14. cxd3 Ng4 15. Bg1 Bf6 16. Nf3 Bc6 17. d4 Rac8 18. Rd1 Bg7 19. Rd3 Bb5 20. Nxb5 Qxb5 21. Rb3 Qa6 22. Ra3 Qb5 23. Rb3 Qa6 24. e5 Rc2 25. Ng5 h6 26. Nf3 h5 27. h3 Nh6 28. Nh4 Rfc8 29. e6 Bf6 30. exf7+ Kxf7 31. Nf3 Nf5 32. Ng5+ Bxg5 33. fxg5 Re2 34. Qh4 Kg7 35. Rxf5 gxf5 36. Qxh5 Re6 37. Qf3 Rf8 38. d5 Re1 39. Qh5 Rh8 40. Qf3 Qf1 41. Qc3+ Kg6 42. Qd4 Rh4 43. Qxa7 Re2 44. Rg3 f4 45. Qb8 Kg7 1-0

[Event "Aviles op"]
[Site "Aviles"]
[Date "1992.??.??"]
[Round "?"]
[White "Strikovic, Aleksa"]
[Black "Batchinsky, Stephane"]
[Result "1/2-1/2"]
[WhiteElo "2480"]
[BlackElo "2320"]
[PlyCount "58"]
[EventDate "1992.??.??"]
[EventType "swiss"]
[EventRounds "9"]
[EventCountry "ESP"]
[SourceTitle "EXT 1999"]
[Source "ChessBase"]
[SourceDate "1998.11.16"]
[SourceVersion "1"]
[SourceVersionDate "1998.11.16"]
[SourceQuality "1"]

1. e4 c6 2. d3 d5 3. Qe2 dxe4 4. dxe4 e5 5. Nf3 Qc7 6. Nbd2 Bg4 7. h3 Bh5 8. g4 Bg6 9. Nh4 Nd7 10. Bg2 Bc5 11. Nf5 Bxf5 12. exf5 0-0-0 13. Ne4 Bb6 14. Bd2 Ndf6 15. 0-0-0 Nxe4 16. Bxe4 Nf6 17. Bc3 Nxe4 18. Qxe4 f6 19. f3 Qf7 20. b3 Bc7 21. Rxd8+ Rxd8 22. h4 Bd6 23. a4 Bc5 24. g5 Bd4 25. g6 Qf8 26. Qe1 h6 27. Bb4 Bc5 28. Bd2 Bd4 29. Bb4 Bc5 1/2-1/2

[Event "Geneve YM"]
[Site "Geneve"]
[Date "1989.??.??"]
[Round "?"]
[White "Batchinsky, Stephane"]
[Black "Maric, Alisa"]
[Result "1/2-1/2"]
[WhiteElo "2200"]
[BlackElo "2355"]
[PlyCount "97"]
[EventDate "1989.??.??"]
[EventType "tourn"]
[EventRounds "11"]
[EventCountry "SUI"]
[EventCategory "3"]
[SourceTitle "EXT 1997"]
[Source "ChessBase"]
[SourceDate "1996.11.15"]
[SourceVersion "1"]
[SourceVersionDate "1996.11.15"]
[SourceQuality "1"]

1. Nf3 Nf6 2. b3 d5 3. Bb2 e6 4. e3 c5 5. Bb5+ Bd7 6. Qe2 a6 7. Bxd7+ Nbxd7 8. 0-0 Bd6 9. d4 0-0 10. Nbd2 Rc8 11. c4 cxd4 12. exd4 dxc4 13. Nxc4 Nb6 14. Nce5 Nbd5 15. Rfc1 Qe7 16. Rc4 b5 17. Rcc1 Qb7 18. g3 h6 19. Nd3 Nb4 20. Nxb4 Bxb4 21. Ne5 Qd5 22. Ng4 Nxg4 23. Qxg4 Bd2 24. Rc5 h5 25. Qe2 Rxc5 26. dxc5 Bb4 27. c6 Qxc6 28. Qe5 f6 29. Qxh5 Qc2 30. Bd4 Qe4 31. Be3 Rd8 32. Rd1 Rxd1+ 33. Qxd1 Qc6 34. h4 Bd6 35. Qg4 Qd5 36. h5 Qf5 37. Qd1 Bf8 38. Kg2 Kh7 39. Qe2 Qe4+ 40. f3 Qf5 41. g4 Qd5 42. Qc2+ Kg8 43. Qg6 Qe5 44. Bf2 Bd6 45. Qe8+ Kh7 46. Kf1 Qa1+ 47. Be1 Qd1 48. Qg6+ Kh8 49. Qe8+ 1/2-1/2

[Event "Geneve YM"]
[Site "Geneve"]
[Date "1989.??.??"]
[Round "?"]
[White "Flueckiger, Christian"]
[Black "Batchinsky, Stephane"]
[Result "1-0"]
[WhiteElo "2245"]
[BlackElo "2200"]
[PlyCount "77"]
[EventDate "1989.??.??"]
[EventType "tourn"]
[EventRounds "11"]
[EventCountry "SUI"]
[EventCategory "3"]
[SourceTitle "EXT 1997"]
[Source "ChessBase"]
[SourceDate "1996.11.15"]
[SourceVersion "1"]
[SourceVersionDate "1996.11.15"]
[SourceQuality "1"]

1. e4 d6 2. d4 Nf6 3. Nc3 g6 4. g3 Bg7 5. Bg2 0-0 6. Nge2 c6 7. 0-0 e5 8. a4 Na6 9. h3 Re8 10. Re1 Nb4 11. Be3 Be6 12. a5 Qc7 13. Qd2 Na6 14. Red1 Red8 15. f4 Ne8 16. Qe1 Qc8 17. Kh2 Nac7 18. Qf2 f5 19. fxe5 dxe5 20. d5 cxd5 21. exd5 Bf7 22. Bxa7 e4 23. Bb6 Rd7 24. Nf4 g5 25. Nfe2 Nd6 26. Nd4 Nxd5 27. Nxd5 Bxd5 28. Nxf5 Nxf5 29. Qxf5 Qc6 30. c4 Be6 31. Qxe4 Qxe4 32. Bxe4 Bxb2 33. Rxd7 Bxa1 34. Rxb7 Bxc4 35. Rc7 Rd8 36. Rxc4 Rd2+ 37. Bg2 Be5 38. Bc7 Bxc7 39. Rxc7 1-0

[Event "Geneve YM"]
[Site "Geneve"]
[Date "1989.??.??"]
[Round "?"]
[White "Horn, Pascal"]
[Black "Batchinsky, Stephane"]
[Result "0-1"]
[WhiteElo "2235"]
[BlackElo "2200"]
[PlyCount "110"]
[EventDate "1989.??.??"]
[EventType "tourn"]
[EventRounds "11"]
[EventCountry "SUI"]
[EventCategory "3"]
[SourceTitle "EXT 1997"]
[Source "ChessBase"]
[SourceDate "1996.11.15"]
[SourceVersion "1"]
[SourceVersionDate "1996.11.15"]
[SourceQuality "1"]

1. e4 d6 2. f4 g6 3. Nf3 Bg7 4. c3 Nf6 5. d3 c6 6. Be3 0-0 7. g3 e5 8. h3 Nh5 9. Rg1 exf4 10. gxf4 d5 11. Nbd2 b6 12. Qe2 Ba6 13. Qf2 dxe4 14. dxe4 Bxf1 15. Qxf1 Qc7 16. f5 Nd7 17. 0-0-0 Rae8 18. Rg4 c5 19. Qf2 Ne5 20. Nxe5 Qxe5 21. Rh4 Qg3 22. Qxg3 Nxg3 23. Kc2 Nxf5 24. exf5 Rxe3 25. Rf1 Rd8 26. Rf2 Be5 27. Ne4 Bg3 28. Nxg3 Rxg3 29. fxg6 hxg6 30. Rhf4 Rd7 31. h4 Kg7 32. a4 Rh3 33. Kb3 f5 34. Kc4 Kf6 35. a5 Ke5 36. Kb5 Rd6 37. Ra4 Re3 38. axb6 axb6 39. Ra8 Re4 40. Re8+ Re6 41. Rxe6+ Kxe6 42. Kxb6 c4 43. Rh2 f4 44. Rf2 f3 45. h5 Rf4 46. hxg6 Kf6 47. Kc5 Kxg6 48. Kb4 Kf5 49. b3 cxb3+ 50. Kxb3 Ke4 51. c4 Ke3 52. Rf1 Ke2 53. Ra1 f2 54. Kb4 f1Q 55. Rxf1 Rxf1 0-1